000 00537nam a2200169 4500
001 107254
003 ES-MaACL
005 20250801063031.0
007 t|
008 061121s1971 sp r ||||1| spa d
100 1 _aMorán, Fernando,
_d1926-2020
_9240950
245 1 0 _aNovela y semidesarrollo
_b: Una interpretación de la novela hispanoamericana y española /
_cFernando Morán.
260 _aMadrid :
_bTaurus,
_c1971.
300 _a431 p., ;
_c21 cm.
852 _aES-MaACL
_jC-41488
_bR.79955
999 _c107254
_d107254